[Event "78th GEO-ch 2019"]
[Site "Tbilisi"]
[Date "2019.02.06"]
[Round "1.1"]
[White "Lortkipanidze, Nodar"]
[Black "Pantsulaia, Levan"]
[Result "0-1"]
[WhiteElo "2326"]
[BlackElo "2611"]
[Annotator "ChessBase"]
[PlyCount "82"]
[EventDate "2019.02.06"]
[EventType "k.o."]
[EventCountry "GEO"]
[SourceTitle "playchess.com"]
[Source "ChessBase"]
[SourceQuality "1"]
[TimeControl "40/5400+30:1800+30"]

1. e4 {[%emt 0:00:00]} c5 {[%emt 0:00:00]} 2. Nf3 {[%emt 0:00:00]} Nc6 {[%emt 0:00:31]} 3. c3 {[%emt 0:00:00]} Nf6 {[%emt 0:00:52]} 4. e5 {[%emt 0:00:25]} Nd5 {[%emt 0:00:09]} 5. d4 {[%emt 0:01:08]} cxd4 {[%emt 0:00:13]} 6. cxd4 {[%emt 0:00:18]} d6 {[%emt 0:00:19]} 7. Bc4 {[%emt 0:00:54]} Nb6 {[%emt 0:00:30]} 8. Bb5 {[%emt 0:00:28]} dxe5 {[%emt 0:00:34]} 9. Nxe5 {[%emt 0:00:13]} Bd7 {[%emt 0:01:22]} 10. Nxd7 {[%emt 0:00:26]} Qxd7 {[%emt 0:01:00]} 11. O-O {[%emt 0:00:56]} e6 {[%emt 0:08:58]} 12. Qg4 {[%emt 0:01:11]} h5 {[%emt 0:03:12]} 13. Qe2 {[%emt 0:06:01]} Rc8 {[%emt 0:16:26]} 14. Rd1 {[%emt 0:02:34]} a6 {[%emt 0:00:33]} 15. Bxc6 {[%emt 0:00:09]} Rxc6 {[%emt 0:00:06]} 16. Nc3 {[%emt 0:03:04]} Nd5 {[%emt 0:00:59]} 17. Qe5 {[%emt 0:06:17]} f6 {[%emt 0:03:27]} 18. Qe4 {[%emt 0:03:32]} Kf7 {[%emt 0:03:35]} 19. Qf3 {[%emt 0:10:20]} Nxc3 {[%emt 0:06:26]} 20. bxc3 {[%emt 0:00:06]} Qd5 {[%emt 0:00:05]} 21. Qh3 {[%emt 0:01:41]} b5 {[%emt 0:05:46]} 22. Bd2 {[%emt 0:03:47]} Rc4 {[%emt 0:02:13]} 23. Re1 {[%emt 0:06:56]} Ra4 {[%emt 0:01:49]} 24. a3 {[%emt 0:00:56]} Bd6 {[%emt 0:01:38]} 25. Re2 {[%emt 0:02:18]} Rxa3 {[%emt 0:01:36]} 26. Rae1 {[%emt 0:03:50]} Re8 {[%emt 0:00:34]} 27. f4 {[%emt 0:03:54]} Re7 {[%emt 0:04:21]} 28. Rf2 {[%emt 0:11:51]} Qf5 {[%emt 0:09:03]} 29. Qf3 {[%emt 0:01:22]} Ra2 {[%emt 0:00:38]} 30. Qc6 {[%emt 0:02:40]} Qd5 {[%emt 0:05:51]} 31. Qc8 {[%emt 0:00:06]} a5 {[%emt 0:00:26]} 32. f5 {[%emt 0:08:34]} exf5 {[%emt 0:00:27]} 33. Ref1 {[%emt 0:07:46]} f4 {[%emt 0:00:30]} 34. Qd8 {[%emt 0:00:09]} f3 {[%emt 0:01:00]} 35. g3 {[%emt 0:02:34]} a4 {[%emt 0:09:13]} 36. Qh8 {[%emt 0:03:25]} Re2 {[%emt 0:01:45]} 37. Rxf3 {[%emt 0:00:32]} Raxd2 {[%emt 0:00:16]} 38. Rxf6+ {[%emt 0:00:57]} gxf6 {[%emt 0:00:06]} 39. Rxf6+ {[%emt 0:00:14]} Ke7 {[%emt 0:00:06]} 40. Qf8+ {[%emt 0:00:00]} Kd7 {[%emt 0:00:00]} 41. Rf7+ {[%emt 0:00:14]} Be7 {[%emt 0:00:21]} 0-1

[Event "78th GEO-ch 2019"]
[Site "Tbilisi"]
[Date "2019.02.07"]
[Round "1.2"]
[White "Pantsulaia, Levan"]
[Black "Lortkipanidze, Nodar"]
[Result "1-0"]
[WhiteElo "2611"]
[BlackElo "2326"]
[Annotator "TA"]
[PlyCount "116"]
[EventDate "2019.02.06"]
[EventType "k.o."]
[EventCountry "GEO"]
[SourceTitle "playchess.com"]
[Source "ChessBase"]
[SourceQuality "1"]

{[%evp 12,116,41,44,60,48,57,60,64,25,26,29,58,51,62,45,50,12,32,4,11,0,0,0,8,0,0,0,0,0,0,0,0,0,0,-83,-70,-133,-121,-116,-55,-64,-27,-96,-104,-110,-105,-122,-125,-118,-110,-200,-112,-114,-101,-99,-85,-95,0,-18,-16,-16,-27,-31,-12,-83,-79,-112,-27,-20,-4,-93,-83,-66,0,0,0,0,0,0,0,0,0,0,0,0,0,0,0,0,0,0,0,0,0,0,0,0,0,0,0,0,29973,29974,29974,29975,29999]} 1. Nf3 (1. d4 e6 2. Nf3 f5 3. g3 b6 4. Bg2 Bb7 5. O-O Nf6 {1-0 (45) Riazantsev,A (2682)-Chernyshov,K (2578) Irkutsk 2010}) 1... e6 2. g3 b6 3. Bg2 $146 ({Predecessor:} 3. c4 Bb7 {1-0 (59) Antunes,A (2425)-Narciso Dublan,M (2300) Andorra 1993}) 3... Bb7 4. c4 f5 5. O-O Nf6 6. d4 Be7 7. d5 Na6 {A84: Dutch Defence: 2 c4 Miscellaneous} (7... O-O 8. Nd4 Bc5 9. Nc3 Na6 10. Rb1 Qe8 11. Nc2 Qh5 12. b4 Ng4 13. h3 Nxf2 14. Rxf2 Bxf2+ 15. Kxf2 e5 {1-0 (45) Riazantsev,A (2682)-Chernyshov,K (2578) Irkutsk 2010}) ({Predecessor:} 7... Qc8 8. Nc3 O-O 9. Bf4 Na6 {1-0 (59) Antunes,A (2425)-Narciso Dublan,M (2300) Andorra 1993}) 8. Nd4 Qc8 9. Nc3 O-O {White is slightly better.} 10. Bf4 Nc5 11. Rc1 Nfe4 12. Ndb5 ({Predecessor:} 12. Nxe4 Nxe4 13. f3 Ng5 14. e4 Nf7 15. Be3 fxe4 16. fxe4 {1-0 (59) Antunes,A (2425)-Narciso Dublan,M (2300) Andorra 1993}) 12... Nxc3 13. Nxc3 a5 14. b3 Bf6 15. Qc2 d6 16. Rcd1 Bxc3 17. Qxc3 Qe8 18. a3 exd5 19. cxd5 Rf7 20. b4 axb4 21. axb4 Ne4 22. Qd4 Nf6 23. Qd3 (23. Bg5 $11) 23... Ba6 $1 $36 {[%cal Ra6d3][%mdl 2048] Black is pushing.} 24. Qb1 ({White should try} 24. Qc2 $15) 24... Bxe2 {And now ...Re7 would win.} 25. Rfe1 Qb5 (25... Re7 $17 26. Rc1 Qh5) 26. Rd2 Bc4 27. Qxf5 (27. Rd4 $1 $11 {remains equal.}) 27... Qxb4 28. Rb1 Qa5 29. Rc1 b5 30. Qb1 Re8 31. h3 (31. Rd4 $17 {was worth a try.}) 31... Nd7 (31... Nh5 $1 $19 {[%cal Rh5f4]} 32. Rd4 Nxf4 33. gxf4 Rfe7) 32. Re1 Ne5 33. Rdd1 Rfe7 34. Re3 Qa2 (34... Qa8 $17) 35. Bg5 {aiming for Qxa2.} Qxb1 36. Rxb1 Rf7 37. f4 h6 38. Bh4 {[#]} (38. fxe5 $11 {keeps the balance.} hxg5 39. e6) 38... g5 $1 {[%mdl 512]} 39. fxg5 {[#]} hxg5 (39... h5 $1 $17 40. g6 Rff8) 40. Bxg5 $11 Ra8 41. Rb2 (41. Bf4 $11) 41... Ra1+ $17 42. Kh2 b4 (42... Rd1 $15) 43. Rxb4 $11 {Black must now prevent Rxe5!} Rf2 {( -> ...Bxd5)} 44. Rxe5 $1 {[%mdl 64] Remove Defender} dxe5 45. Rxc4 {Rc1 is the strong threat.} Raa2 46. h4 {Strongly threatening Kh3.} Rxg2+ {[%mdl 4096] Endgame KRR-KRB} 47. Kh3 Rgc2 48. Re4 Re2 49. Rb4 Ra5 50. Rc4 Rxd5 51. Rxc7 Rf2 52. Kg4 Rd4+ 53. Kh5 Rf7 54. Rc8+ Kh7 55. Re8 Rd5 56. g4 Rfd7 $2 {[%mdl 8192]} (56... e4 $11) 57. Bf6 {[%csl Gf6][%cal Re8h8]} Rg7 58. g5 Rgd7 {Accuracy: White = 46%, Black = 50%.} 1-0

[Event "78th GEO-ch 2019"]
[Site "Tbilisi"]
[Date "2019.02.07"]
[Round "1.2"]
[White "Paichadze, Luka"]
[Black "Kacharava, Nikolozi"]
[Result "1/2-1/2"]
[WhiteElo "2580"]
[BlackElo "2420"]
[Annotator "TA"]
[PlyCount "121"]
[EventDate "2019.02.06"]
[EventType "k.o."]
[EventCountry "GEO"]
[SourceTitle "playchess.com"]
[Source "ChessBase"]
[SourceQuality "1"]

{[%evp 25,121,26,35,0,6,0,7,15,46,34,41,34,43,40,33,33,62,67,64,64,114,65,72,72,87,62,66,72,78,50,67,77,77,73,79,37,52,36,40,24,37,9,9,9,10,8,8,8,66,6,62,0,0,0,4,0,8,0,0,0,0,0,0,0,0,0,0,0,0,0,0,0,0,0,0,0,0,0,0,0,0,0,0,0,0,0,0,0,0,0,0,0,0,0,0,0,0,0]} 1. e4 e5 2. Nf3 Nf6 3. Nxe5 d6 4. Nf3 Nxe4 5. d4 d5 6. Bd3 Nc6 (6... Be7 7. O-O {1-0 (37) Nakamura,H (2787)-Akobian,V (2615) Saint Louis 2016}) 7. O-O Be7 8. c4 Nb4 9. Be2 Bf5 $146 (9... O-O 10. Nc3 Bf5 11. a3 Nxc3 12. bxc3 {1-0 (37) Nakamura,H (2787)-Akobian,V (2615) Saint Louis 2016}) ({Predecessor:} 9... O-O 10. Nc3 Bf5 11. a3 Nxc3 12. bxc3 {1-0 (43) Chen,Q (2415)-Pang,T (2328) Shanghai 2018}) 10. a3 Nc6 11. Nc3 Nxc3 12. bxc3 O-O 13. Re1 Re8 14. Ra2 {C42: Petroff Defence: 3 Nxe5 and unusual White 3rd moves} Na5 15. cxd5 Qxd5 16. Rb2 {[#] Threatens to win with Rb5.} a6 (16... c6 17. Ne5 Bxa3 18. Bf3 Qd6 19. Rbe2 Bxc1 20. Qxc1 Be6 21. Be4 Rad8 {1-0 (37) Nakamura,H (2787)-Akobian,V (2615) Saint Louis 2016}) 17. Ne5 Bxa3 18. Bf3 Qd6 $1 19. Rbe2 Bxc1 20. Nc4 Qd7 ({Predecessor:} 20... Qf8 21. Nxa5 Rxe2 22. Qxe2 {1-0 (43) Chen,Q (2415)-Pang,T (2328) Shanghai 2018}) 21. Nxa5 Rxe2 22. Qxe2 Bg5 23. Bxb7 Rf8 24. Nc6 Qe6 25. f4 Bf6 26. Qxe6 fxe6 27. Bxa6 Ra8 28. Bc4 Ra3 29. Re3 Kf7 30. h3 (30. h4 $5) 30... h5 31. Be2 h4 32. Bg4 g5 33. Bxf5 (33. fxg5 {with more complications.} Bxg5 34. Rf3 Bf6 35. Ne5+ Bxe5 36. dxe5 c5 37. Bxf5 exf5 38. Rxf5+ Ke6 39. Rf4) 33... exf5 $14 {[%mdl 4096] Endgame KRB-KRN} 34. Ne5+ Kg7 35. fxg5 Bxg5 36. Rf3 Ra1+ (36... Kf6 $11) 37. Kh2 (37. Kf2 $1 $14) 37... Bd2 (37... Kf6 $11) 38. g3 (38. Rxf5 $14 Be1 39. Rf7+ Kh6 40. Rf1) 38... Ra2 $11 {The position is equal.} 39. Kh1 Rc2 40. c4 Bc3 41. Nc6 hxg3 42. Rxg3+ Kf6 43. Rg8 Rd2 44. Rc8 (44. d5 {is interesting.} Rc2 45. Rc8 Kg5 46. Rxc7 Kf4 47. Rc8) 44... Bxd4 45. Nxd4 Rxd4 46. Rxc7 {KR-KR} Rd2 47. c5 Rc2 48. c6 f4 49. Rc8 Kg7 50. Kg1 {[#] Hoping for c7.} f3 51. Kf1 {aiming for c7.} Kh7 52. h4 Kg7 53. Rc7+ Kh6 54. Ke1 {Black must now prevent Rc8.} Kg6 55. Rc8 Kg7 56. h5 {Strongly threatening c7.} Kh7 57. c7 {h6! is the strong threat.} Rc6 58. Kf2 Rc3 $1 59. h6 {And now Kg3 would win.} Rc6 60. Rf8 Rxc7 61. Rxf3 {Accuracy: White = 55%, Black = 80%.} 1/2-1/2

[Event "78th GEO-ch 2019"]
[Site "Tbilisi"]
[Date "2019.02.07"]
[Round "1.2"]
[White "Shanava, Konstantine"]
[Black "Tutisani, Noe"]
[Result "1/2-1/2"]
[WhiteElo "2516"]
[BlackElo "2468"]
[Annotator "TA"]
[PlyCount "129"]
[EventDate "2019.02.06"]
[EventType "k.o."]
[EventCountry "GEO"]
[SourceTitle "playchess.com"]
[Source "ChessBase"]
[SourceQuality "1"]

{[%evp 15,129,6,13,12,65,65,67,58,89,89,95,21,21,20,23,-30,-16,-38,-43,-50,-13,-33,-39,-35,28,27,18,0,0,0,0,0,53,12,39,12,16,0,17,13,13,13,13,13,10,13,15,0,0,0,6,0,26,26,29,11,28,16,32,0,0,0,0,0,0,0,0,0,0,0,0,0,0,0,0,0,0,0,0,0,0,0,0,-56,0,0,0,0,0,0,0,0,0,0,0,0,0,0,0,0,0,0,0,0,0,0,0,0,0,0,0,0,0,0,0,0]} 1. e4 c5 2. Nf3 d6 3. Bb5+ Bd7 4. Bxd7+ Qxd7 5. O-O Nf6 ({Predecessor:} 5... Nc6 6. c3 Nf6 {½-½ (33) Perez Perez,G (2153)-Kosov,A (2199) Tenerife 2018}) 6. Re1 Nc6 $146 (6... e6 7. c3 {1-0 (39) Libiszewski,F (2515)-Kuzubov,Y (2640) Al Ain 2015}) 7. c3 e6 8. d4 d5 9. Ne5 {B52: Sicilian: Moscow Variation with 3...Bd7} (9. e5 Ne4 10. Nbd2 Nxd2 11. Bxd2 Rc8 12. Be3 cxd4 13. Bxd4 Nxd4 14. Nxd4 Bc5 15. Qg4 O-O 16. Rad1 b5 {1-0 (39) Libiszewski,F (2515)-Kuzubov,Y (2640) Al Ain 2015}) 9... Nxe5 (9... Qc7 $11) 10. dxe5 $14 Ng8 11. exd5 {White is slightly better.} exd5 ({Predecessor:} 11... Qxd5 12. Qe2 O-O-O 13. Nd2 Ne7 14. Nc4 Nf5 15. Bg5 Re8 16. Rad1 Qc6 {½-½ (33) Perez Perez,G (2153)-Kosov,A (2199) Tenerife 2018}) 12. Bg5 Be7 13. Bxe7 (13. Be3 $16) 13... Nxe7 $11 14. Nd2 O-O 15. c4 ({White should play} 15. Ne4) 15... Rad8 16. Qh5 Qe6 17. b3 Ng6 18. g3 dxc4 19. Nxc4 f6 ({Better is} 19... b5 $15 20. Na3 a6) 20. exf6 {[%mdl 64] [#] Discovered Attack} Qxf6 21. Qxc5 b6 22. Qe3 b5 23. Na5 Qb2 (23... Ne5 $11 24. f4 Ng4 25. Qe6+ Qxe6 26. Rxe6 Rd2) 24. Rab1 (24. Qxa7 Ne5 $17) (24. Nc6 $5 {[%cal Rc6d8]} Rd6 25. Rac1 $16 (25. Nxa7 Ne5 $11)) 24... Qxa2 25. Ra1 ({Not} 25. Qxa7 $2 Ra8 $19) 25... Qb2 26. Rab1 (26. Qxa7 $2 Ne5 $19) 26... Qf6 27. Qe6+ Qxe6 28. Rxe6 Rd2 29. Rf1 Rc8 30. h4 Rcc2 31. Re3 h5 32. Re4 Rb2 33. Re3 Rdc2 34. Nb7 b4 35. Na5 Ra2 36. Nc4 a5 37. Nb6 Rc6 38. Na4 Rf6 39. Nc5 Rf5 40. Nd3 Rc2 41. Rfe1 Rc3 42. Nb2 Rxe3 43. Rxe3 {[%mdl 4096] Endgame KRN-KRN} Ne5 44. Kg2 Kf7 45. Re1 g6 46. Rc1 Ke6 47. Rc5 Nd7 48. Rc6+ Kd5 49. Ra6 ({White should try} 49. Rxg6 $11 Kd4 50. Na4) 49... Nc5 (49... Kd4 $1 $15 50. Nd1 (50. Rxg6 $2 Kc3 $19) 50... Nc5 {[%mdl 64] Double Attack} 51. Rxa5 Nxb3) 50. Rxa5 {The position is equal.} Kd4 51. Rb5 Kc3 52. Rxc5+ Kxb2 53. Rxf5 gxf5 54. f3 $1 Kxb3 {[#]} 55. g4 $1 {[%cal Rg4f5][%mdl 512]} hxg4 {K3P-KPP} (55... fxg4 56. fxg4) 56. h5 Kc4 {Hoping for ...b3.} 57. h6 {Strongly threatening h7.} b3 58. h7 b2 59. h8=Q b1=Q {...Qb7 is the strong threat.} 60. Qc8+ Kd5 61. Qd7+ Ke5 62. Qe7+ Kf4 {( -> ...Qb2+)} 63. Qc7+ Kg5 64. Qg7+ Kf4 {White must now prevent ...Qc2+.} 65. Qd4+ {Accuracy: White = 61%, Black = 64%.} 1/2-1/2

[Event "78th GEO-ch 2019"]
[Site "Tbilisi"]
[Date "2019.02.07"]
[Round "1.2"]
[White "Quparadze, Giga"]
[Black "Benidze, Davit"]
[Result "1/2-1/2"]
[WhiteElo "2493"]
[BlackElo "2469"]
[Annotator "TA"]
[PlyCount "44"]
[EventDate "2019.02.06"]
[EventType "k.o."]
[EventCountry "GEO"]
[SourceTitle "playchess.com"]
[Source "ChessBase"]
[SourceQuality "1"]

{[%evp 11,44,40,60,36,33,24,47,41,35,38,84,49,38,44,96,63,63,52,65,65,62,73,106,103,81,66,142,63,233,228,229,167,253,215,246]} 1. e4 c6 ({Predecessor:} 1... g6 2. d4 Bg7 3. Nc3 c6 4. h3 {0-1 (74) Seps,M (2224)-Lematschko,T (2172) Samnaun 2008}) 2. d4 d5 3. Nc3 {[%cal Bb1c3,Bc3e2,Be2g3][%mdl 32]} g6 4. h3 $146 (4. Nf3 Bg7 {1-0 (69) Sanal,V (2490)-Laznicka,V (2675) Skopje 2018}) 4... Bg7 5. Nf3 Nh6 ({Predecessor:} 5... f6 6. Bd3 {0-1 (74) Seps,M (2224)-Lematschko,T (2172) Samnaun 2008}) 6. Bd3 f6 7. exd5 {B15: Caro-Kann: 3 Nc3: 3...g6 and 3...dxe4 4 Nxe4 Nf6 5 Nxf6+ exf6} (7. O-O O-O 8. Re1 Nf7 9. Bf1 b6 10. b3 e6 11. a4 Ba6 12. Ba3 Re8 13. Bd3 Bxd3 14. Qxd3 a5 15. Rad1 Na6 16. h4 Nb4 17. Qd2 {1-0 (69) Sanal,V (2490)-Laznicka,V (2675) Skopje 2018}) 7... cxd5 8. Ne2 Be6 9. O-O {White is slightly better.} Nc6 ({Predecessor:} 9... O-O 10. Nf4 Bf7 11. Qe2 Qd6 12. c4 dxc4 13. Bxc4 e5 14. dxe5 fxe5 {0-1 (74) Seps,M (2224)-Lematschko,T (2172) Samnaun 2008}) 10. Re1 Bf7 11. Bf4 Qd7 12. Ng3 g5 (12... O-O $14) 13. Bd2 Bg6 14. Qe2 $36 {[%mdl 2048] White has good play.} Nf7 15. c4 Bxd3 $1 16. Qxd3 dxc4 17. Qxc4 Rd8 18. Bc3 O-O (18... Qd5 $14 19. Qxd5 Rxd5) 19. Rad1 (19. Qb3 $16) 19... g4 $2 {[#]} (19... Qd5 $14 20. Qxd5 Rxd5) 20. hxg4 $18 Qxg4 21. Re4 Qc8 (21... Qd7 $142 22. Nh4 Kh8) 22. Qb3 e5 {Accuracy: White = 53%, Black = 38%.} 1/2-1/2

[Event "78th GEO-ch 2019"]
[Site "Tbilisi"]
[Date "2019.02.07"]
[Round "1.2"]
[White "Sanikidze, Tornike"]
[Black "Beradze, Irakli"]
[Result "1/2-1/2"]
[WhiteElo "2493"]
[BlackElo "2490"]
[Annotator "TA"]
[PlyCount "78"]
[EventDate "2019.02.06"]
[EventType "k.o."]
[EventCountry "GEO"]
[SourceTitle "playchess.com"]
[Source "ChessBase"]
[SourceQuality "1"]

{[%evp 18,78,14,2,8,6,19,32,37,16,33,24,20,0,0,0,0,0,0,0,0,0,0,0,0,-33,-30,-28,-22,-43,-17,-147,-154,-178,-171,-182,-166,-185,-188,-222,-194,-190,-205,-226,-219,-257,-264,-243,-257,-256,-250,-305,-290,-298,-288,-282,0,-291,0,-265,0,-269,0]} 1. e4 e5 2. Nf3 Nf6 $146 ({Predecessor:} 2... Nc6 3. Bb5 Nf6 {1-0 (41) Svidler,P (2765)-Malakhov,V (2686) St Petersburg 2017}) 3. Nc3 Nc6 4. Bb5 Bb4 5. O-O O-O 6. d3 Bxc3 7. bxc3 d6 8. Bg5 h6 ({Predecessor:} 8... Bd7 9. Rb1 a6 10. Ba4 Rb8 11. Bb3 h6 {1-0 (41) Svidler,P (2765)-Malakhov,V (2686) St Petersburg 2017}) 9. Bh4 Bd7 10. Rb1 a6 {C49: Four Knights: 4 Bb5 Bb4} 11. Ba4 Rb8 12. Bb3 Be6 {White is slightly better.} ({Predecessor:} 12... b5 13. h3 Re8 14. Qc1 Na5 15. Re1 Nxb3 16. cxb3 Bc6 17. c4 bxc4 18. Qxc4 {1-0 (41) Svidler,P (2765)-Malakhov,V (2686) St Petersburg 2017}) 13. Qc1 Kh7 14. d4 {[#] And now d5 would win.} Bg4 15. Qe3 Bxf3 16. Qxf3 exd4 17. cxd4 Nxd4 18. Qd3 {[#] Strongly threatening e5+.} Nxb3 19. e5+ Kg8 {aiming for ...Nc5.} 20. Bxf6 $1 gxf6 21. Rxb3 {Threatens to win with Qh3.} fxe5 22. Qf5 Qe7 23. Rfb1 b5 24. Rc3 (24. Rg3+ $11 {remains equal.} Kh8 25. Rh3) 24... Qe6 $17 25. Qh5 c5 26. Rd1 Kh7 27. Ra3 Rb6 28. Rg3 Rg8 29. Rxg8 Kxg8 $19 {[%mdl 4096] Endgame KQR-KQR} 30. Rd3 e4 31. Rg3+ Kh7 32. Rg4 Rb7 33. Rf4 Re7 34. h3 b4 35. Qh4 {intending Rf6.} Kg7 36. Rg4+ Kh7 37. Rf4 $1 Kg7 $2 (37... e3 $19 38. fxe3 Qxe3+ 39. Qf2 Qe1+ 40. Qf1 Qxf1+ 41. Kxf1 Kg6 42. Rg4+ Kf5) 38. Qg3+ $2 {[%mdl 8192]} (38. Rg4+ $1 $11 {and White stays safe.} Kf8 39. Qg3) 38... Kh7 39. Qh4 $1 Kg7 $2 {Accuracy: White = 46%, Black = 65%.} (39... e3 $19 40. fxe3 Qxe3+ 41. Qf2 Qe1+ 42. Qf1 Qxf1+ 43. Kxf1 Kg6) 1/2-1/2

[Event "78th GEO-ch 2019"]
[Site "Tbilisi"]
[Date "2019.02.06"]
[Round "1.2"]
[White "Beradze, Irakli"]
[Black "Sanikidze, Tornike"]
[Result "1-0"]
[WhiteElo "2490"]
[BlackElo "2493"]
[Annotator "TA"]
[PlyCount "89"]
[EventDate "2019.02.06"]
[EventType "k.o."]
[EventCountry "GEO"]
[SourceTitle "playchess.com"]
[Source "ChessBase"]
[SourceQuality "1"]

{[%evp 13,89,0,4,0,0,0,30,33,39,19,63,59,70,44,50,39,50,46,38,39,47,36,40,34,44,20,31,24,24,18,19,15,16,18,18,16,15,14,52,29,16,25,50,51,70,37,53,61,65,54,95,82,100,98,94,99,141,135,186,110,134,141,264,245,236,246,346,332,358,233,240,249,407,287,519,520,539,462]} 1. d4 Nf6 (1... d5 2. Bf4 e6 3. e3 Bd6 4. Nf3 Nf6 5. Bg3 c5 6. c3 Nc6 {½-½ (34) Naroditsky,D (2616)-Mamedyarov,S (2817) chess.com INT 2019}) 2. Bf4 $146 ({Predecessor:} 2. Nf3 e6 3. Bf4 c5 4. e3 Nc6 5. c3 d5 {½-½ (49) Ivanisevic,I (2603)-Galopoulos,N (2356) Skopje 2018}) 2... d5 3. e3 e6 4. Nd2 c5 5. c3 Nc6 6. Ngf3 Bd6 7. Bg3 O-O 8. Bb5 {D02: 1 d4 d5 2 Nf3 sidelines, including 2...Nf6 3 g3 and 2...Nf6 3 Bf4} Ne7 (8... cxd4 9. exd4 Ne7 {½-½ (34) Naroditsky,D (2616)-Mamedyarov,S (2817) chess.com INT 2019}) 9. Bd3 cxd4 10. exd4 {White has an edge.} Nf5 (10... Ng6 11. O-O Bxg3 12. fxg3 b5 13. Qe2 Qb6 14. Ng5 b4 15. Ndf3 h6 {½-½ (34) Naroditsky,D (2616)-Mamedyarov,S (2817) chess.com INT 2019}) 11. Be5 ({Predecessor:} 11. Qe2 b6 12. Ne5 Qc7 13. Bf4 Nd7 14. g4 Ne7 15. Bg3 Re8 {½-½ (49) Ivanisevic,I (2603)-Galopoulos,N (2356) Skopje 2018}) 11... Bxe5 12. dxe5 {[#] Threatens to win with Bxf5.} Nd7 13. Bxf5 exf5 14. O-O Re8 15. Re1 Qc7 {[%cal Rd7e5]} 16. Qa4 b6 17. Nd4 Bb7 18. Nxf5 {Hoping for Qg4.} Nxe5 19. Qf4 (19. Re3 {seems wilder.} f6 20. Rae1 Bc6 21. Qd1 Bd7 22. Nd4) 19... f6 20. Qg3 Qd7 21. Nd4 Nc4 22. Nxc4 dxc4 23. f3 Bd5 24. Rad1 Rxe1+ 25. Rxe1 Re8 (25... Rd8 {is more complex.} 26. a3 Bf7 27. Qf4 b5 28. h4 h5) 26. h4 Rxe1+ 27. Qxe1 Kf7 28. Qg3 Qd8 29. Kf2 g6 30. Qf4 Kg7 31. h5 a6 32. Ne2 Bf7 33. h6+ Kf8 34. Ng3 g5 35. Qe4 Qd2+ (35... Bg6 $16 {was worth a try.} 36. Qxc4 Qd2+ 37. Ne2 Bd3) 36. Kg1 ({White should play} 36. Ne2 $18 Bg6 37. Qa8+ (37. Qxc4 Bd3 $16) 37... Kf7 38. Qa7+ Ke8 39. Qb8+ (39. Qxb6 Bd3 $16) 39... Kf7 40. Qc7+ (40. Qxb6 Bd3 $11) 40... Ke8 41. Qc6+ (41. Qxc4 Kd7 $16) (41. Qxb6 Bd3 $16) 41... Ke7 42. Qc7+ (42. Qxb6 Bd3 $16) 42... Ke8 43. Qb8+ (43. Qxc4 Kd7 $16) (43. Qxb6 Bd3 $16) 43... Qd8 44. Qb7) 36... Bg6 {[#]} 37. Qa8+ $1 ({Don't play} 37. Qxc4 $6 Qxb2 38. Qc8+ (38. Qxa6 Qxc3 39. Qxb6 Ke7 $16) 38... Ke7 $14) 37... Be8 (37... Kf7 $16) 38. Qb7 {[%csl Gh6][%cal Rb7g7]} (38. Qxa6 Qe3+ 39. Kf1 Bg6 $16) 38... Qe3+ 39. Kh2 {[%csl Gh6][%cal Rb7g7]} Bf7 (39... Qe7 $142 40. Qxb6 Bb5) 40. Qb8+ $18 ({Not} 40. Qxa6 Qf4 $16) 40... Be8 41. Qc7 {[%csl Gh6][%cal Rc7g7]} Qe7 42. Qxb6 Qe5 $2 (42... Bb5 {might work better.} 43. a3 Kf7) 43. Qb7 {[%csl Gh6][%cal Rb7g7]} Bf7 $2 (43... Bg6 44. Qb4+ (44. Qxa6 Qf4 $18) 44... Ke8) 44. Qxa6 Qf4 {intending ...Qh4+.} 45. Qa8+ {Accuracy: White = 74%, Black = 43%.} 1-0

[Event "78th GEO-ch 2019"]
[Site "Tbilisi"]
[Date "2019.02.07"]
[Round "1.2"]
[White "Petriashvili, Nikoloz"]
[Black "Maghalashvili, Davit"]
[Result "1/2-1/2"]
[WhiteElo "2464"]
[BlackElo "2504"]
[Annotator "TA"]
[PlyCount "138"]
[EventDate "2019.02.06"]
[EventType "k.o."]
[EventCountry "GEO"]
[SourceTitle "playchess.com"]
[Source "ChessBase"]
[SourceQuality "1"]

{[%evp 17,138,8,37,39,39,34,52,19,56,56,55,23,23,23,23,23,23,23,23,23,23,23,23,23,23,23,35,23,23,14,22,10,6,7,7,7,6,6,1,0,50,0,0,0,0,0,0,0,0,0,0,0,0,0,0,0,51,0,27,0,0,0,0,0,0,-14,-8,-47,-42,-38,-9,-4,-8,-8,-8,-37,-49,-41,-26,-69,-8,-26,-28,-56,-44,-36,-34,-67,-67,-67,-67,-67,-67,-67,-67,-67,-67,-67,-67,-67,-66,-64,-55,-75,-55,-57,-40,-47,-8,-31,-32,-34,-32,-35,-8,-8,-8,-8,-8,-8,-8,-8,-8]} 1. d4 d5 2. Nf3 Nf6 3. Bf4 e6 4. e3 c5 5. c3 Nc6 6. Nbd2 Bd6 7. Bg3 O-O 8. Bb5 {D02: 1 d4 d5 2 Nf3 sidelines, including 2...Nf6 3 g3 and 2...Nf6 3 Bf4} cxd4 9. exd4 Qc7 {LiveBook: 6 Games} (9... Ne7 10. Bd3 Ng6 11. O-O Bxg3 12. fxg3 b5 13. Qe2 Qb6 14. Ng5 b4 15. Ndf3 h6 {½-½ (34) Naroditsky,D (2616)-Mamedyarov,S (2817) chess.com INT 2019}) 10. Bxd6 {White is slightly better.} Qxd6 11. O-O Bd7 12. Qe2 Ne7 $146 ({Predecessor:} 12... a6 13. Bd3 Qf4 14. Ne5 Nxe5 15. dxe5 Ng4 {1-0 (48) Schneider,S (2365)-Pettersson,A (2002) Stockholm 2018}) 13. Bd3 Qb6 14. Rab1 a6 15. Ne5 Bb5 16. Bxb5 Qxb5 17. Qxb5 axb5 18. a3 Nf5 19. Rbe1 Nd6 20. Nd3 Rfd8 21. Re2 Nd7 22. h3 Nb6 23. g4 Nbc4 24. Kg2 g6 25. Rfe1 Kg7 26. Nf1 Ne4 27. f3 Nf6 28. Ng3 Nd6 29. Rh1 Rh8 30. Nf4 h5 31. gxh5 g5 32. Nxe6+ fxe6 33. Rxe6 Nc8 34. Re5 Kf7 35. Rhe1 Ra6 36. Rxg5 Re6 (36... Nd6 $11) 37. Ree5 (37. Rxe6 $14 Kxe6 38. Ne2) 37... Nd6 38. Rg7+ Kxg7 39. Rxe6 Nc8 40. Re5 Kf7 41. f4 Nd6 42. Kf3 Nc4 43. Re2 Nxh5 44. Nxh5 Rxh5 $15 {[%mdl 4096] Endgame KRN-KR} 45. Kg4 Rh8 46. h4 Rg8+ 47. Kf3 Rg1 48. b3 Nb6 ({Better is} 48... Nxa3 $15 49. Re5 Rc1 50. Rxd5 Rxc3+ 51. Ke4 Rxb3 52. Rd7+ Kf6 53. Rxb7 Rh3 54. Rb6+ Ke7) 49. f5 Rc1 50. Re6 Rxc3+ 51. Kf4 $1 Nc8 52. Rh6 Rxb3 53. Ke5 Re3+ 54. Kxd5 Ne7+ 55. Kc5 Nxf5 56. Rb6 Rc3+ 57. Kd5 Rc7 {...Rd7+ is the strong threat.} 58. Ke5 $1 {[%cal Re5f5]} Nxh4 {[#] And now ...Re7+ would win.} 59. Kd6 $1 {[%cal Rd6c7]} Re7 {White must now prevent ...Nf5+.} 60. Rxb5 Ng6 61. Rg5 {White wants to play Rxg6!} Re6+ 62. Kc7 b6 63. Rf5+ Ke8 64. d5 Re3 65. Rf6 Ne7 66. Re6 {The position is equal.} Rxe6 67. dxe6 Nd5+ 68. Kc6 Nc3 69. Kxb6 Ke7 {Precision: White = 54%, Black = 64%.} 1/2-1/2